000 00586nam a2200217Ia 4500
003 OSt
005 20220928135331.0
006 a|||||r|||| 00| 0
007 ta
008 220927b |||||||| |||| 00| 0 eng d
024 _a1205
037 _cTextual
040 _aSDCL
_cSDCL
_beng
041 _2eng
_aeng
082 _aO,N:g(Q6), M1
100 _aRunyon Randolph
_9489799
245 0 _aFowles/Irving/Barthes
_b Canonical variations on an apocryphal theme
260 _c1981
942 _hO,N:g(Q6), M1
_cTEXL
_2CC
999 _c805103
_d805103